[Event "AUTO-OPEN-638"]
[Site "http://www.queenalice.com/game.php?id=202648"]
[Date "2007.4.26"]
[Round "1"]
[White "kane"]
[Black "donovan_kirch"]
[Result "1-0"]
[WhiteElo "1465"]
[BlackElo "1215"]

1. e4 e5 2. Nf3 Nc6 3. g3 d6 4. Bb5 Qd7 5. d3 a6 6. Bc4 b5 7. Bd5 Bb7 8. Bxc6
Bxc6 9. Nc3 O-O-O 10. O-O Be7 11. d4 Bh4 12. gxh4 Qg4+ 13. Kh1 Bxe4 14. Nxe4
Qxe4 15. Qd3 Nf6 16. dxe5 dxe5 17. Qxe4 Nxe4 18. Nxe5 Rhe8 19. Bf4 Rd2 20. Rac1
f6 21. Nf3 Nxf2+ 22. Kg1 Nh3+ 23. Kh1 Nxf4 24. Nxd2 1-0

[Event "AUTO-INT-432"]
[Site "http://www.queenalice.com/game.php?id=202736"]
[Date "2007.4.26"]
[Round "1"]
[White "dlabedz"]
[Black "donovan_kirch"]
[Result "1-0"]
[WhiteElo "1308"]
[BlackElo "1314"]

1. d4 g6 2. d5 Nf6 3. c4 d6 4. e3 Bf5 5. Nc3 e6 6. dxe6 Bxe6 7. b3 d5 8. c5 Bxc5
9. Nf3 Nc6 10. Bd3 d4 11. exd4 Nxd4 12. Nxd4 Bxd4 13. Bb2 Qd6 14. h3 Qe5+ 15.
Qe2 Bxc3+ 16. Kd1 Bxb2 17. Rb1 Bc3 18. Qxe5 Bxe5 19. Re1 Nd7 20. a4 1-0

[Event "AUTO-INT-432"]
[Site "http://www.queenalice.com/game.php?id=202737"]
[Date "2007.4.26"]
[Round "1"]
[White "donovan_kirch"]
[Black "dlabedz"]
[Result "0-1"]
[WhiteElo "1298"]
[BlackElo "1324"]

1. e4 d5 2. exd5 Qxd5 3. Nc3 Qe6+ 4. Be2 c6 5. Nf3 g6 6. O-O Bh6 7. Nd4 Qf6 8.
Nb3 b5 9. Ne4 Qe5 10. d3 Bg7 11. Nbc5 Na6 12. d4 Qd5 13. c4 Qf5 14. f3 Nf6 15.
g4 Nxg4 16. fxg4 Qxf1+ 17. Qxf1 O-O 18. Qd1 f5 19. gxf5 gxf5 20. cxb5 Nb4 0-1

[Event "AUTO-INT-432"]
[Site "http://www.queenalice.com/game.php?id=202752"]
[Date "2007.4.26"]
[Round "1"]
[White "donovan_kirch"]
[Black "third3knight"]
[Result "0-1"]
[WhiteElo "1237"]
[BlackElo "1721"]

1. e4 c5 2. Bc4 e6 3. Nf3 d5 4. exd5 exd5 5. Qe2+ Be7 6. Qe5 dxc4 7. Qxg7 Bf6 8.
Qg3 Qe7+ 9. Kd1 Be6 10. Ne5 Nd7 11. f4 Nxe5 12. fxe5 Bh4 13. Qg7 O-O-O 14. Qxh8
Bg4# 0-1

[Event "AUTO-INT-432"]
[Site "http://www.queenalice.com/game.php?id=202753"]
[Date "2007.4.26"]
[Round "1"]
[White "third3knight"]
[Black "donovan_kirch"]
[Result "1-0"]
[WhiteElo "1823"]
[BlackElo "1219"]

1. e4 e5 2. Bc4 Nh6 3. d3 Bc5 4. Bxh6 gxh6 5. Qf3 O-O 6. Nc3 Bb4 7. Ne2 d6 8.
O-O Nc6 9. a3 Bxc3 10. bxc3 Be6 11. Bxe6 fxe6 12. Qg4+ Qg5 13. Qxe6+ Kh8 14.
Rab1 b6 15. d4 Nd8 16. Qd5 Rb8 17. dxe5 Rf5 18. exf5 Qxf5 19. Rb2 dxe5 20. Ng3
Qf4 21. Nh5 Qg5 22. Ng3 Kg7 23. f4 1-0

[Event "AUTO-INT-433"]
[Site "http://www.queenalice.com/game.php?id=203007"]
[Date "2007.4.27"]
[Round "1"]
[White "cecel"]
[Black "donovan_kirch"]
[Result "1-0"]
[WhiteElo "1537"]
[BlackElo "1194"]

1. e4 d5 2. exd5 Qxd5 3. Nc3 Qe5+ 4. Be2 Qg5 5. g3 e6 6. a3 Nf6 7. d4 Qf5 8. Nb5
Na6 9. c4 Bd7 10. Qb3 O-O-O 11. Nxa7+ 1-0

[Event "AUTO-INT-433"]
[Site "http://www.queenalice.com/game.php?id=203008"]
[Date "2007.4.27"]
[Round "1"]
[White "donovan_kirch"]
[Black "cecel"]
[Result "0-1"]
[WhiteElo "1283"]
[BlackElo "1585"]

1. e4 e5 2. Nf3 Qe7 3. Nc3 c6 4. Bc4 h6 5. O-O g6 6. d3 d6 7. b3 Bg7 8. a4 Nf6
9. h3 Nh5 10. g4 Nf4 11. Bxf4 exf4 12. d4 h5 13. Nh2 hxg4 0-1

[Event "AUTO-INT-433"]
[Site "http://www.queenalice.com/game.php?id=203023"]
[Date "2007.4.27"]
[Round "1"]
[White "donovan_kirch"]
[Black "jessicakoshner"]
[Result "1-0"]
[WhiteElo "1279"]
[BlackElo "1331"]

1. e4 c5 2. b3 Nc6 3. Ba3 d6 4. Bb5 Bd7 5. Nf3 Nf6 6. Nc3 a6 7. Bxc6 Bxc6 8. O-O
e5 9. b4 Bb5 10. d3 Be7 11. h3 1-0

[Event "AUTO-INT-433"]
[Site "http://www.queenalice.com/game.php?id=203025"]
[Date "2007.4.27"]
[Round "1"]
[White "donovan_kirch"]
[Black "CLODOALDOVEIGA"]
[Result "0-1"]
[WhiteElo "1196"]
[BlackElo "2196"]

1. e4 c5 2. Bc4 Nc6 3. Ne2 Nf6 4. Bd5 Na5 5. d4 e6 6. e5 Nxd5 7. dxc5 Bxc5 8.
Nec3 Nxc3 9. Nxc3 O-O 10. Qg4 Qc7 11. O-O Nc6 12. Bh6 Qxe5 13. Rfe1 Qf6 14. Qf4
Qxh6 15. Qxh6 gxh6 16. Ne4 Be7 17. Re3 d5 18. Rg3+ Kh8 19. Nc3 Nd4 20. Rd1 Nxc2
21. a3 Bf6 0-1

[Event "AUTO-INT-433"]
[Site "http://www.queenalice.com/game.php?id=203026"]
[Date "2007.4.27"]
[Round "1"]
[White "CLODOALDOVEIGA"]
[Black "donovan_kirch"]
[Result "1-0"]
[WhiteElo "1993"]
[BlackElo "1182"]

1. c4 d5 2. d4 Be6 3. Nc3 dxc4 4. d5 Bf5 5. e4 Bg6 6. Bxc4 Nf6 7. e5 Nfd7 8. Nf3
Bh5 9. e6 Ne5 10. Nxe5 Bxd1 11. exf7# 1-0

[Event "AUTO-OPEN-639"]
[Site "http://www.queenalice.com/game.php?id=203154"]
[Date "2007.4.27"]
[Round "1"]
[White "donovan_kirch"]
[Black "RIVAS"]
[Result "0-1"]
[WhiteElo "1221"]
[BlackElo "1929"]

1. e4 e6 2. Nf3 c5 3. Bc4 Nc6 4. a3 d5 5. exd5 exd5 6. Bb5 a6 7. Bxc6+ bxc6 8.
O-O Nf6 9. d3 Be7 10. Bg5 O-O 0-1

[Event "AUTO-OPEN-639"]
[Site "http://www.queenalice.com/game.php?id=203195"]
[Date "2007.4.27"]
[Round "1"]
[White "third3knight"]
[Black "donovan_kirch"]
[Result "1-0"]
[WhiteElo "1825"]
[BlackElo "1217"]

1. e4 e5 2. Bc4 Nh6 3. d3 f6 4. Qf3 d6 5. Bxh6 d5 6. Bxg7 Bxg7 7. Qh5+ Ke7 8.
exd5 b6 9. d6+ Qxd6 10. Qf7+ Kd8 11. Qxg7 Re8 12. Nc3 Be6 13. Qxf6+ Kc8 14.
Bxe6+ Qxe6 15. Qxe6+ Rxe6 16. Nf3 Nc6 17. a3 Nd4 18. O-O-O Kb7 19. Nxd4 exd4 20.
Nb5 c6 21. Nxd4 Rd6 22. c3 c5 23. Nf5 1-0

[Event "AUTO-OPEN-639"]
[Site "http://www.queenalice.com/game.php?id=203196"]
[Date "2007.4.27"]
[Round "1"]
[White "donovan_kirch"]
[Black "third3knight"]
[Result "0-1"]
[WhiteElo "1234"]
[BlackElo "1800"]

1. e4 e5 2. Nf3 Nf6 3. d3 d6 4. Bg5 c5 5. Bxf6 Qxf6 6. Nc3 Bd7 7. Nd5 Qd8 8. Qd2
h6 9. c4 Na6 10. b4 cxb4 11. Nxb4 Nxb4 12. Qxb4 b6 13. d4 d5 14. c5 a5 15. Qa3
bxc5 16. Qxc5 Bxc5 17. dxc5 Qc7 18. Rc1 a4 19. exd5 Qa5+ 20. Kd1 Bg4 21. d6 O-O
0-1

[Event "AUTO-BEG-96"]
[Site "http://www.queenalice.com/game.php?id=204310"]
[Date "2007.4.30"]
[Round "1"]
[White "donovan_kirch"]
[Black "Rookie"]
[Result "0-1"]
[WhiteElo "1273"]
[BlackElo "1245"]

1. e4 e6 2. Nf3 d5 3. exd5 exd5 4. d4 c5 5. dxc5 Bxc5 6. Bb5+ Bd7 7. Qxd5 b6 8.
Qxa8 Nc6 9. Qb7 Qe7+ 10. Be2 Nf6 11. O-O O-O 12. Bb5 Na5 13. Qa6 Bc8 14. Re1
Qxe1+ 15. Nxe1 Bxa6 16. Bxa6 Re8 17. Bd2 Ne4 0-1

[Event "AUTO-BEG-96"]
[Site "http://www.queenalice.com/game.php?id=204311"]
[Date "2007.4.30"]
[Round "1"]
[White "Rookie"]
[Black "donovan_kirch"]
[Result "1-0"]
[WhiteElo "1262"]
[BlackElo "1256"]

1. d4 e6 2. c4 Bb4+ 3. Bd2 Nc6 4. d5 Bxd2+ 5. Nxd2 exd5 6. cxd5 Nd4 7. e4 Qf6 8.
Rb1 d6 9. Nb3 c5 10. dxc6 Nxc6 11. Bb5 Ne7 12. Nd4 Bd7 13. Rc1 Nxd4 14. Bxd7+
Kxd7 15. Ne2 Rhc8 16. Nxd4 Rxc1 17. Qxc1 Qxd4 18. O-O 1-0

[Event "AUTO-BEG-96"]
[Site "http://www.queenalice.com/game.php?id=204314"]
[Date "2007.4.30"]
[Round "1"]
[White "donovan_kirch"]
[Black "elciospy"]
[Result "0-1"]
[WhiteElo "1237"]
[BlackElo "1196"]

1. e4 d5 2. Bd3 e5 3. Nf3 Bg4 4. O-O Nf6 5. h3 Bh5 6. g4 Bg6 7. Nxe5 dxe4 8.
Nxg6 hxg6 9. Bc4 Bc5 10. Re1 Rxh3 11. Kg2 Rf3 12. Rf1 Nxg4 13. Qe2 f5 14. d3 Qh4
15. dxe4 Qh3+ 16. Kg1 Qh2# 0-1

[Event "AUTO-BEG-96"]
[Site "http://www.queenalice.com/game.php?id=204315"]
[Date "2007.4.30"]
[Round "1"]
[White "elciospy"]
[Black "donovan_kirch"]
[Result "1-0"]
[WhiteElo "1419"]
[BlackElo "1203"]

1. c3 g6 2. d4 Bh6 3. e4 d5 4. e5 Bf5 5. Bd3 Bxd3 6. Qxd3 c6 7. Bxh6 Nxh6 8. h3
e6 9. Nd2 Qg5 10. Qf3 Nd7 11. Ne2 O-O 12. O-O Qxd2 13. Rab1 f6 14. Nf4 fxe5 15.
Rfd1 Qxf4 16. Qe2 Rf5 17. Rd3 e4 18. Re3 Raf8 19. Rf1 e5 20. a4 c5 21. dxc5 Nxc5
22. g3 Qg5 23. Qb5 Nd3 24. Qxd5+ 1-0